=LDR 00000nam 2200000 4500 =001 INLIS000000000005161 =005 20130612093422 =008 ***********************************Ind** =035 ##$$0010-061300000005161 =041 ##$$a Ind =082 ##$$a 658.562 =090 ##$$a 658.562, Rot s =100 ##$$a ROTHERY, Brian =245 ##$$a Sistem manajemen lingkungan ISO 14000, Brian Rothery =260 ##$$a 1996 $b Jakarta =300 ##$$a xiii, 312 hlm, 23 cm =650 ##$$a Standar Seri ISO 9000 =850 ##$$a NBPNMAT